Library Banner

Reengineering management : (Record no. 3134)

MARC details
000 -LEADER
fixed length control field 00472nam a2200181Ia 4500
001 - CONTROL NUMBER
control field 2883
005 - DATE AND TIME OF LATEST TRANSACTION
control field 20200311094009.0
008 - FIXED-LENGTH DATA ELEMENTS--GENERAL INFORMATION
fixed length control field 140314s9999 xx 000 0 und d
020 ## - INTERNATIONAL STANDARD BOOK NUMBER
International Standard Book Number 0887306985
040 ## - CATALOGING SOURCE
Transcribing agency PK-LaUMT
082 ## - DEWEY DECIMAL CLASSIFICATION NUMBER
Classification number 658.409
Item number CHA-R
100 ## - MAIN ENTRY--PERSONAL NAME
Personal name Champy, James
245 ## - TITLE STATEMENT
Title Reengineering management :
Remainder of title the manadate for new leadership /
Statement of responsibility, etc by James Champy
260 ## - PUBLICATION, DISTRIBUTION, ETC. (IMPRINT)
Place of publication, distribution, etc Berkshire,UK:
Name of publisher, distributor, etc Peter Honey,
Date of publication, distribution, etc 1995
300 ## - PHYSICAL DESCRIPTION
Extent 212 p.
546 ## - LANGUAGE NOTE
Language note EN
942 ## - ADDED ENTRY ELEMENTS (KOHA)
Koha item type Books
Holdings
Withdrawn status Lost status Damaged status Home library Current library Date acquired Full call number Barcode Date last seen Price effective from Koha item type
      UMT Main Campus UMT Main Campus 2014-03-14 658.409 CHA-R 4194 2025-03-12 2014-03-14 Books
      UMT Main Campus UMT Main Campus 2014-04-10 658.409 CHA-R 26228 2014-04-24 2014-04-24 Books
      UMT Main Campus UMT Main Campus 2014-04-23 658.409 CHA-R 41547 2014-05-05 2014-05-05 Books
      UMT Main Campus UMT Main Campus 2014-05-28 658.409 CHA-R 4268 2014-05-28 2014-05-28 Books
      UMT Main Campus UMT Main Campus 2014-05-28 658.409 CHA-R 4609 2014-05-28 2014-05-28 Books
      UMT Main Campus UMT Main Campus 2014-05-28 658.409 CHA-R 6244 2014-05-28 2014-05-28 Books